Statistics for Which President? Click Quiz

Click here to take the quiz!

General Stats

  • This quiz has been taken 7 times
  • The average score is 4 of 45

Answer Stats

HintAnswer% Correct
last president to have used nuclear weapons in warTruman
75%
most recent president to serve in the navy Bush, George H. W.
25%
first president to serve in the air forceBush, George W.
25%
most recent president to legally change his nameClinton
25%
most recent president to go by his middle nameCoolidge
25%
last president to have served in WWIEisenhower
25%
first president to be an Eagle ScoutFord
25%
first president to die in officeHarrison, William Henry
25%
first president to have the same name as a former president, but not be related to said presidentJohnson, Lyndon B.
25%
last president to be a Founding FatherMonroe
25%
first president to have been divorcedRegean
25%
only president to also serve on Supreme CourtTaft
25%
most recent president to have never served in CongressTrump
25%
first president without a middle nameWashington
25%
first multilingual presidentAdams, John
0%
last Democratic-Republican Party presidentAdams, John Quincy
0%
most recent president to serve in a state militiaArthur
0%
first president to have official ASL interpreters for daily press briefingsBiden
0%
only unmarried presidentBuchanan
0%
president with the longest marriageCarter
0%
only president to marry inside the white houseCleveland
0%
last Whig Party presidentFillmore
0%
first president to give a campaign speech in a language other than EnglishGarfield
0%
first (and currently only) president to be arrestedGrant
0%
first president to appear on radio broadcastHarding
0%
first president with electrcity in the White HouseHarrison, Benjamin
0%
first president to hold the White House Easter Egg RollHayes
0%
first Quaker presidentHoover
0%
first president to be born in a log cabinJackson
0%
first president to have someone other than his wife to serve as first ladyJefferson
0%
only president to serve in the Senate after being presidentJohnson, Andrew
0%
first president to have served in the NavyKennedy
0%
first president to be born outside of 13 coloniesLincoln
0%
first president to have no vice president for part of his presidencyMadison
0%
last president to have served in the Civil WarMcKinley
0%
first president to meet the emperor of JapanNixon
0%
first president to write a scholarly article in a journal while presidentObama
0%
first president born in the 1800sPierce
0%
first president to have his picture talken while in officePolk
0%
first president to be inaugerated on January 20th Roosevelt, Franklin Delano
0%
first president to be awarded nobel prizeRoosevelt, Theodore
0%
first president to not serve in CongressTaylor
0%
first president to have veto of legislation overriddenTyler
0%
first president to be born an American citizenVan Buren
0%
first president with a PhDWilson
0%

Score Distribution

Percentile by Number Answered

Percent of People with Each Score

Your Score History

You have not taken this quiz